| 000 | 01236nam a22003617a 4500 | ||
|---|---|---|---|
| 003 | CHAP | ||
| 005 | 20220817041128.0 | ||
| 008 | 971013s1990 r 00010 d | ||
| 010 | _a7051 | ||
| 011 | _a8023 | ||
| 035 | _a7248 | ||
| 040 | _cCHAP | ||
| 082 |
_a080 _bL6 v.16 |
||
| 100 | 0 | 0 |
_aSheahan, John. _9105569 |
| 245 |
_aModelos de desarrollo en América Latina _b: pobreza, represión y estrategia económica |
||
| 260 |
_aMéxico, D.F. : _bAlianza Editorial Mexicana, _c1990 |
||
| 300 | _a505 p. | ||
| 490 |
_aLos noventa _v; 16 |
||
| 500 | _a64-17 | ||
| 590 |
_aBATCH-UPD _b10 _c20130110 _lUCH01 _h0212 |
||
| 590 |
_aBATCH-UPD _b10 _c20130110 _lUCH01 _h1024 |
||
| 590 |
_aBATCH-UPD _b10 _c20130409 _lUCH01 _h2228 |
||
| 590 |
_aBATCH-UPD _b10 _c20130410 _lUCH01 _h1112 |
||
| 590 |
_aBATCH-UPD _b10 _c20130914 _lUCH01 _h1035 |
||
| 590 |
_aCONVERSION _b10 _c20130109 _lUCH01 _h1305 |
||
| 650 | 1 | 4 | _aDesarrollo económico. |
| 650 | 1 | 4 |
_aPaíses subdesarrollados _xCondiciones económicas. _985152 |
| 710 | 0 |
_aConsejo Nacional para la Cultura y las Artes. México. _927328 |
|
| 830 | 0 |
_aLos noventa _v; 16 _968574 |
|
| 901 | _aBK | ||
| 942 | _cLIBRO | ||
| 949 |
_a080 L6 v.16 _bBC _cLIBRO _d33724000306056 _eLIBRO _h82759 _i7248 _mDir _si _t25.00 |
||
| 999 |
_c7051 _d7051 |
||